| 000 | nam a22 a 4500 | ||
|---|---|---|---|
| 999 |
_c329766 _d329766 |
||
| 003 | BLK | ||
| 005 | 20201015162313.0 | ||
| 008 | 190401b bu ||||| |||| 00| 0 bu d | ||
| 040 | _aBLK | ||
| 041 |
_aBUL _cBUL |
||
| 080 |
_aФорми на предучилищно възпитание _b373.2 _x(075) _z373.2(075) |
||
| 100 |
_91478 _aПрипрянов, А. Д. _eсъстав. |
||
| 139 |
_aПрипрянов, А. Д. _bП 88 |
||
| 245 |
_aБуквар по нагледногласната метода _bС нужните вътре картинки _cСъстав. А. Д. Припрянов |
||
| 250 | _a5. изд. | ||
| 260 |
_aВарна _bКниж. А. В. Велчев _c1895 _f(Варна : Л. Нитче) |
||
| 300 |
_a40 с. : с ил. _c22 см |
||
| 380 | _a3 | ||
| 490 |
_9435080 _aКолекция Редки и ценни издания |
||
| 500 | _aБез сведение за 1. изд. | ||
| 852 |
_aРб 895 _bРц |
||
| 942 |
_2udc _cKNG _n0 _s1 |
||
| 999 | _d329766 | ||
| 999 | _d329766 | ||